| 000 | 01440cam a22003257a 4500 | ||
|---|---|---|---|
| 001 | 13887088 | ||
| 003 | NUST-PNEC | ||
| 005 | 20170116180658.0 | ||
| 008 | 050302s2004 sz a b 101 0 eng d | ||
| 010 | _a 2005271287 | ||
| 020 | _a0878499482 (3vol. set) | ||
| 035 | _a(OCoLC)ocm56416806 | ||
| 040 |
_aNBS _cPNEC _dDLC |
||
| 042 | _alccopycat | ||
| 050 | 0 | 0 |
_aTA401 _b.M42 vol. 270-273 _aTA417.2 |
| 082 | 0 | 0 | _a620.1127 LEE |
| 111 | 2 |
_aAsian Pacific Conference on Nondestructive Testing _n(11th : _d2003 : _cCheju-do, Korea) |
|
| 245 | 1 | 0 |
_aAdvances in nondestructive evaluation : Part 1 _cedited by Seung-Seok Lee ... [et al.]. |
| 260 |
_aUetikon-Zuerich, Switzerland ; _aEnfield, NH : _bTrans Tech Publications, _cc2004. |
||
| 300 |
_a3 v. : _bill. ; _c25 cm. |
||
| 440 | 0 |
_aKey engineering materials ; _vv. 270-273 |
|
| 500 | _ahttp://www.amazon.com/Advances-Nondestructive-Evaluation-Engineering-Materials/dp/0878499482/ref=sr_1_1?s=books&ie=UTF8&qid=1409992853&sr=1-1&keywords=0878499482 | ||
| 500 | _a"Papers selected for the eleventh Asian Pacific Conference on Nondestructive Testing (11th-APCNDT)"--Pref. | ||
| 504 | _aIncludes bibliographical references and indexes. | ||
| 650 | 0 |
_aNondestructive testing _vCongresses. _xME |
|
| 700 | 1 | _aLee, Seung-Seok. | |
| 906 |
_a7 _bcbc _ccopycat _d2 _encip _f20 _gy-gencatlg |
||
| 942 |
_2ddc _cBK |
||
| 999 |
_c60463 _d60463 |
||